[Event "Calvi Balagne op 07th"]
[Site "Calvi"]
[Date "2010.04.25"]
[Round "1"]
[White "Olah, Karoly"]
[Black "Libiszewski, Fabien"]
[Result "0-1"]
[WhiteElo "1860"]
[BlackElo "2495"]
[PlyCount "54"]
[EventDate "2010.04.25"]
[EventType "swiss"]
[EventRounds "9"]
[EventCountry "FRA"]
[SourceTitle "CBM 136 Extra"]
[Source "ChessBase"]
[SourceDate "2010.07.02"]
[SourceVersion "2"]
[SourceVersionDate "2010.07.15"]
[SourceQuality "1"]

1. e3 g6 2. d4 Bg7 3. b3 Nf6 4. Bb2 0-0 5. Nf3 d5 6. Nbd2 c5 7. c3 Nbd7 8. Be2 b6 9. 0-0 Bb7 10. Rc1 Rc8 11. Re1 Qc7 12. c4 dxc4 13. Bxc4 Qb8 14. Nf1 b5 15. Be2 Rfd8 16. Qd3 a6 17. N1d2 cxd4 18. Rxc8 Qxc8 19. Bxd4 e5 20. Qb1 exd4 21. Rc1 Qa8 22. exd4 Nf8 23. b4 Ne6 24. Nb3 Nh5 25. Rd1 Nhf4 26. Qc2 Nxe2+ 27. Qxe2 Bxf3 0-1